| 000 | 01206nam a2200325 i 4500 | ||
|---|---|---|---|
| 001 | 768714001 | ||
| 003 | CO-MdFUSB | ||
| 005 | 20220205095723.0 | ||
| 007 | ta | ||
| 008 | 170524t1976 xxu||||| |||| 00| 0 eng d | ||
| 020 | _a0804200459 | ||
| 040 |
_aCO-MdFUSB _bspa _cCO-MdFUSB _dCO-MdFUSBC _erda |
||
| 041 | 0 | _aeng | |
| 082 | 0 | 4 |
_a220.66 _223 _bS722h |
| 100 | 1 |
_aSoulen, Richard N. (1933-) _eautor |
|
| 245 | 0 |
_aHandbook of biblical criticism _c/ Richard N. Soulen |
|
| 250 | _asegunda edición | ||
| 264 | 1 |
_aAtlanta, Georgia, USA : _bJohn Knox Press, _c[1976] |
|
| 264 | 4 | _c© 1976 | |
| 300 |
_a239 páginas _c; 23 cm |
||
| 336 |
_2rdacontent _atexto _btxt |
||
| 337 |
_2rdamedia _asin mediación _bn |
||
| 338 |
_2rdacarrier _avolumen _bnc |
||
| 505 | _aIntroducción Manual de términos técnicos con nombres, herramientas y enfoques interpretativos. -- Abreviaturas en crítica textual (más palabras y frases comunes en latín). Abreviaturas de obras seleccionadas. -- Principales obras de referencia consultadas. Diagrama de interpretación bíblica. | ||
| 563 | _aRústico | ||
| 653 | _aInterpretación de la Biblia | ||
| 942 | _cBK | ||
| 945 | _aJTF-925 | ||
| 999 |
_c33001 _d33001 |
||